|
|
|
|
| LEADER |
01369nam a2200301 a 4500 |
| 001 |
GR-Patra21870 |
| 008 |
070606s2006 gr g 000 0 eng d |
| 020 |
|
|
|a 0471987743
|
| 040 |
|
|
|a GrPaTEI
|b gre
|c GR-PaULI
|
| 040 |
|
|
|a GrPaTEI
|b gre
|c GR-PaULI
|
| 082 |
|
0 |
|a 620.00151535
|2 21
|
| 100 |
1 |
|
|a Belytschko, Ted
|
| 245 |
1 |
0 |
|a Nonlinear finite elements for continua and structures /
|c Ted Belytschko, Wing Kam Liu, Brian Moran.
|
| 260 |
|
|
|a Chichester :
|b John Wiley & Sons,
|c 2006
|
| 300 |
|
|
|a xvi, 650 σ. :
|b εικ.
|
| 504 |
|
|
|a Includes bibliography: [p.(631)-639] and index
|
| 650 |
|
0 |
|a Continuum mechanics
|
| 650 |
|
0 |
|a Finite element method
|
| 650 |
|
0 |
|a Structural analysis (Engineering)
|
| 650 |
|
4 |
|a Δομική ανάλυση (Μηχανική)
|
| 650 |
|
4 |
|a Πεπερασμένα στοιχεία
|
| 700 |
1 |
|
|a Liu, W. K.
|q (Wing Kam)
|
| 700 |
1 |
|
|a Moran, Brian
|
| 942 |
|
|
|2 ddc
|
| 952 |
|
|
|0 0
|1 0
|2 ddc
|4 0
|6 620_001515350000000_BEL
|7 0
|9 302077
|a LISK
|b LISK
|c BSC
|d 2021-01-17
|e 24
|f 0
|g 0.00
|l 0
|o 620.00151535 BEL
|p 92410031633
|r 2021-01-17 00:00:00
|t 1
|w 2021-01-17
|y BK15
|x 20070606 0 1
|x GrPaTEI
|
| 952 |
|
|
|0 0
|1 0
|2 ddc
|4 0
|6 620_001515350000000_BEL
|7 1
|9 302078
|a LISK
|b LISK
|c BSC
|d 2021-01-17
|e 24
|f 0
|g 0.00
|l 0
|o 620.00151535 BEL
|p 92410031634
|r 2021-01-17 00:00:00
|t 1
|w 2021-01-17
|y BKN
|x 20070606 0 0
|x GrPaTEI
|
| 971 |
|
|
|a .b26694438
|b 16-04-20
|c 26-09-16
|
| 999 |
|
|
|c 175593
|d 175593
|